00700nam a2200181 a 4500008004100000020001800041050001500059100002200074245008500096250001200181260003100193300001600224350001000240650002000250995010000270999001700370952013100387160518s2012 ||||||||||||||||| || u a9780415602600 aTA 357 MAS aMassey, Bernard S10aMechanics of Fluids (9th ed.)cBy Bernard S. Massey, revised by John Ward- Smith a9th ed. aNew YorkbSpon Pressc2012 aviii, 705p. a68.95 aFLUID MECHANICS FCBU-MAIN LIBRARY (Kitwe)I68.95M1UAVAILABLEWJun 1, 2016ZMain Library Open Access Collection c50913d50913 00102lcc4070a001b001cMain Library Open Access Collectiond2022-11-30l0oTA 357 MASp745941r2022-11-30w2022-11-30y002